Essentials of human nutrition
Saved in:
| Main Author: | |
|---|---|
| Format: | Book |
| Language: | Undetermined |
| Published: |
Oxford
Oxford Univ. Press
2000
|
| Subjects: | |
| Tags: |
Add Tag
No Tags, Be the first to tag this record!
|
| Institutions: | Trung tâm Học liệu Trường Đại học Cần Thơ |
|---|
| LEADER | 00542nam a2200169Ia 4500 | ||
|---|---|---|---|
| 001 | CTU_48830 | ||
| 008 | 210402s9999 xx 000 0 und d | ||
| 082 | |a 612.39 | ||
| 082 | |b E78 | ||
| 100 | |a Essentials of human nutrition | ||
| 245 | 0 | |a Essentials of human nutrition | |
| 245 | 0 | |c Essentials of human nutrition; Biên tập, hiệu đính: A. Stewart Truswell, JIM MANN | |
| 260 | |a Oxford | ||
| 260 | |b Oxford Univ. Press | ||
| 260 | |c 2000 | ||
| 650 | |a human physiology | ||
| 980 | |a Trung tâm Học liệu Trường Đại học Cần Thơ | ||